Piłka nożna quiz #169 - Najstarsi strzelcy reprezentacji Polski - Statystyki

Ogólne statystyki
  • Ten quiz został rozwiązany 460 razy
  • Średni wynik to 3 z 5
Statystyki odpowiedzi
Zawodnik Pozycja Data zdobycia bramki Wiek zawodnika % Poprawnych
Robert Lewandowski Środkowy napastnik 25.06.2024 35 lat 10 miesięcy 04 dni
99%
Kamil Glik Środkowy obrońca 07.09.2020 32 lat 07 miesięcy 04 dni
76%
Jakub Błaszczykowski Prawy pomocnik 11.10.2018 32 lat 09 miesięcy 27 dni
70%
Jacek Bąk Środkowy obrońca 24.03.2007 34 lat 00 dni
28%
Tomasz Kłos Środkowy obrońca 13.11.2005 32 lat 08 miesięcy 06 dni
13%
Nie znaleziono quizów pasujących do podanych kryteriów
Rozkład punktacji
Procent ludzi z każdym wynikiem
Percentyl według liczby udzielonych odpowiedzi
Twoja historia wyników
Nie rozwiązałeś tego quizu